Viajes de Gulliver /
Salvato in:
| Autore principale: | |
|---|---|
| Altri autori: | , , , , , |
| Natura: | Elettronico eBook |
| Lingua: | spagnolo inglese |
| Pubblicazione: |
Ciudad de México :
Fondo de Cultura Económica : La Jaula Abierta,
2016.
|
| Edizione: | Primera edición electrónica. |
| Serie: | Tezontle.
|
| Soggetti: | |
| Accesso online: | Digitalia Hispánica |
| Tags: |
Aggiungi Tag
Nessun Tag, puoi essere il primo ad aggiungerne!!
|
MARC
| LEADER | 00000nam a2200000 i 4500 | ||
|---|---|---|---|
| 001 | DIGFCE1848 | ||
| 003 | NyNyDIG | ||
| 006 | m o d | ||
| 007 | cr ||||||||||| | ||
| 008 | 220905s2016 mx a o 000 f spa d | ||
| 035 | |a (OCoLC)1350508080 | ||
| 040 | |a DGITA |b eng |e rda |e pn |c DGITA | ||
| 020 | |a 9786071644763 |q eBook |q ePub | ||
| 020 | |z 9786071642158 | ||
| 041 | 1 | |a spa |h eng | |
| 050 | 1 | 4 | |a PR3724 ebook |
| 082 | 0 | 4 | |a 823.5 |
| 100 | 1 | |a Swift, Jonathan, 1667-1745, |e author. | |
| 240 | 1 | 0 | |a Gulliver's travels. |l Spanish |s (Bartra) |
| 245 | 1 | 0 | |a Viajes de Gulliver / |c edición original en inglés e introducción Claude Rawson ; notas Ian Higgins ; epílogo Roger Bartra ; curaduría y edición en castellano Gerardo Villadelángel ; traducción Agustí Bartra (texto literario) ; María José Gómez Castillo (aparato crítico). |
| 250 | |a Primera edición electrónica. | ||
| 264 | 1 | |a Ciudad de México : |b Fondo de Cultura Económica : |b La Jaula Abierta, |c 2016. | |
| 264 | 4 | |c ©2008 | |
| 300 | |a 1 online resource : |b illustrations. | ||
| 336 | |a text |b txt |2 rdacontent | ||
| 337 | |a computer file |b c |2 rdamedia | ||
| 338 | |a online resource |b cr |2 rdacarrier | ||
| 347 | |a text file |2 rdaft | ||
| 347 | |b EPUB | ||
| 490 | 1 | |a Tezontle | |
| 588 | 0 | |a Online resource; title from ePub title page (Digitalia, viewed September 05, 2022) | |
| 655 | 7 | |a Fiction. |2 lcgft | |
| 655 | 0 | |a Electronic books. | |
| 700 | 1 | |a Rawson, Claude Julien, |e editor. | |
| 700 | 1 | |a Higgins, Ian, |e contributor agent of text. | |
| 700 | 1 | |a Bartra, Roger, |e contributor agent of text. | |
| 700 | 1 | |a Villadelángel Viñas, Gerardo, |e editor. | |
| 700 | 1 | |a Bartra, Agustí, |d 1908-1982, |e translator. | |
| 700 | 1 | |a Gómez Castillo, María José, |d 1976- |e contributor agent of text. | |
| 700 | 1 | |i Translation of: |a Swift, Jonathan, |d 1667-1745. |t Gulliver's travels. | |
| 776 | 0 | 8 | |i Print version: |a Swift, Jonathan, 1667-1745. |s Gulliver's travels. Spanish (Bartra). |t Viajes de Gulliver. |b Primera edición. |d Ciudad de México : Fondo de Cultura Económica : La Jaula Abierta, 2016 |z 9786071642158 |
| 791 | 2 | |a Digitalia (Firm), |e distributor. | |
| 793 | 0 | |g Digitalia eBook Collection: |a Fondo de Cultura Económica | |
| 830 | 0 | |a Tezontle. | |
| 856 | 4 | 0 | |3 Digitalia Hispánica |u https://digitalia.unach.elogim.com/a/65128/ |
| 910 | |a Premium collection: 2022 | ||